000 00388cam a22001454a 4500
020 _a0205355048 (alk. paper)
050 0 0 _aHQ 767.9
_b.B46 2003
100 1 _aBerk, Laura E.
245 1 0 _aChild development /
_cLaura E. Berk.
250 _a6th ed.
260 _aBoston :
_bAllyn and Bacon,
_cc2003.
300 _a1 v. (various pagings) :
650 0 _bChild development
942 _2lcc
_cGEN
999 _c6375
_d6375